Concise Prosthodontics / (Record no. 35186)

MARC details
000 -LEADER
fixed length control field 00527nam a22001937a 4500
005 - DATE AND TIME OF LATEST TRANSACTION
control field 20240306134604.0
008 - FIXED-LENGTH DATA ELEMENTS--GENERAL INFORMATION
fixed length control field 240227b |||||||| |||| 00| 0 eng d
020 ## - INTERNATIONAL STANDARD BOOK NUMBER
ISBN 9788131248782
082 ## - DEWEY DECIMAL CLASSIFICATION NUMBER
Classification number 617.69
Item number PRA-C
100 ## - MAIN ENTRY--AUTHOR
Author Name Prakash, Vijay
245 ## - TITLE STATEMENT
Title Concise Prosthodontics /
Statement of responsibility, etc. Vijay Prakash , Ruchi Gupta
250 ## - EDITION STATEMENT
Edition statement 2nd ed.
260 ## - PUBLICATION, DISTRIBUTION, ETC.
Place of Publication India :
Name of publisher, distributor, etc. Elsevier ;
Date of publication, distribution, etc. 2017 .
300 ## - PHYSICAL DESCRIPTION
Pages x , 508 p. :
500 ## - GENERAL NOTE
General note Include Index.
650 ## - SUBJECT ADDED ENTRY--TOPICAL TERM
Subject / Department Medical / Dentistry
700 ## - ADDED ENTRY--PERSONAL NAME
Personal name Ruchi Gupta
300 ## - PHYSICAL DESCRIPTION
-- ill ;
-- 24.5 cm .
952 ## - LOCATION AND ITEM INFORMATION (KOHA)
-- 0
-- 0
952 ## - LOCATION AND ITEM INFORMATION (KOHA)
-- 0
-- 0
Holdings
Lost status Damaged status Collection code Permanent Location Current Location Shelving Location Date acquired Full Call Number Accession No./Barcode Date last seen Copy number item type Koha item type
    Medical Superior Information Resource Center (SIRC) Superior University- Central Library Superior Information Resource Center (SIRC) Superior University- Central Library Dentistry 02/27/2024 617.69 PRA-C 2017 13323 04/28/2026 1 BOOK BOOK
    Medical Superior Information Resource Center (SIRC) Superior University- Central Library Superior Information Resource Center (SIRC) Superior University- Central Library   02/27/2024 617.69 PRA-C 2017 13324 02/27/2024 2 BOOK BOOK

Powered by Koha